De la servitude volontaire ou Le contr'un (Record no. 87745)

MARC details
000 -LEADER
campo de control de longitud fija 01094nam a2200253 i 4500
001 - NÚMERO DE CONTROL
campo de control 87745
003 - IDENTIFICADOR DE NÚMERO DE CONTROL
campo de control ES-MaACL
005 - FECHA Y HORA DE LA ÚLTIMA TRANSACCIÓN
campo de control 20251015063108.0
007 - CAMPO FIJO DE DESCRIPCIÓN FÍSICA--INFORMACIÓN GENERAL
campo de control de longitud fija t|
008 - DATOS DE LONGITUD FIJA--INFORMACIÓN GENERAL
campo de control de longitud fija 041223s1908 fr |||| | fre d
100 1# - ENTRADA PRINCIPAL--NOMBRE DE PERSONA
Nombre de persona La Boétie, Étienne de,
Fechas asociadas al nombre 1530-1563
9 (RLIN) 69132
245 10 - MENCIÓN DEL TÍTULO
Título De la servitude volontaire ou Le contr'un
Resto del título : discours /
Mención de responsabilidad, etc. par Étienne de La Boétie ; précédé d'une préface par A. Vermorel et suivi de lettres de Montaigne relatives a La Boétie.
246 30 - FORMA VARIANTE DEL TITULO
Título propio/Titulo breve Contr'un
260 ## - PUBLICACIÓN, DISTRIBUCIÓN, ETC.
Lugar de publicación, distribución, etc. Paris :
Nombre del editor, distribuidor, etc. Librairie de la Bibliothèque Nationale,
Fecha de publicación, distribución, etc. 1908.
300 ## - DESCRIPCIÓN FÍSICA
Extensión 191 p. ;
Dimensiones 15 cm.
490 1# - MENCIÓN DE SERIE
Mención de serie Collection des meilleurs auteurs anciens et moderns
505 8# - NOTA DE CONTENIDO CON FORMATO
Nota de contenido con formato Contiene además: De l'amitié / Montaigne. - Vingt et neuf sonnets / d'Etienne de La Boétie
650 #4 - PUNTO DE ACCESO ADICIONAL DE MATERIA--TÉRMINO DE MATERIA
Término de materia o nombre geográfico como elemento de entrada Libertad-
Subdivisión de forma Obras anteriores a 1800.
9 (RLIN) 149344
700 1# - ENTRADA AGREGADA--NOMBRE PERSONAL
Nombre de persona Vermorel, Auguste (
Fechas asociadas al nombre 1841-1871)
9 (RLIN) 133643
700 1# - ENTRADA AGREGADA--NOMBRE PERSONAL
Nombre de persona Montaigne, Michel de,
Fechas asociadas al nombre 1533-1592
9 (RLIN) 82329
830 0# - PUNTO DE ACCESO ADICIONAL DE SERIE-TÍTULO UNIFORME
Título uniforme Collection des meilleurs auteurs anciens et moderns
9 (RLIN) 231797
852 ## - LOCALIZACIÓN
Ubicación ES-MaACL
Número de control de estantería T-1458-F-2
Holdings
Estatus retirado Estado de pérdida Estado de daño No para préstamo Colección Biblioteca de origen Biblioteca actual Ubicación en estantería Fecha de adquisición Fuente de adquisición Total de préstamos Signatura topográfica completa Código de barras Visto por última vez Precio de reemplazo Tipo de ítem Koha
        Colección de folletos Biblioteca del Ateneo de Madrid Biblioteca del Ateneo de Madrid Depósito folletos 17/01/2008     T-1458-F-2 1091665 23/02/2023 23/02/2023 Folleto